000
00281nam a22001337a 4500
008
170227b xxu||||| |||| 00| 0 eng d
020
_a
9780781769600
041
_a
eng
080
_a
577
100
_a
5
101
_a
SHMB
245
_a
BIOCHEMISTRY
_c
CHAMPE, P.C
942
_2
udc
_c
BK
999
_c
6355
_d
6355